| 000 | 00436cam a2200181ua 4500 | ||
|---|---|---|---|
| 020 | _c3.00 | ||
| 041 |
_ahin _h |
||
| 082 |
_a891.54 _bMAS/JE |
||
| 100 | _aMashruvala, K G . | ||
| 245 |
_aJeevan shodan / _cK G Mashruvala. _hTextual Documents |
||
| 250 |
_a1 / _b. |
||
| 260 |
_aAhmadabad : _bNavajivan publishing house , _c1949. |
||
| 300 | _a361 ; . | ||
| 365 | _a3.00 | ||
| 504 | _a | ||
| 942 | _cBK | ||
| 999 |
_c8205 _d8205 |
||